Control de velocidad para la turbina Banki

Salvato in:
Dettagli Bibliografici
Autore principale: Tejeiro Vidal, Ramón
Natura: Sconosciuto
Pubblicazione: [San José, Costa Rica] 1980
Soggetti:
Tags: Aggiungi Tag
Nessun Tag, puoi essere il primo ad aggiungerne!!

MARC

LEADER 00000 a2200000 4500
003 001731
005 20221231143747.0
008 140114s1980 cr a m 000 ||s d
040 |c cru CEDI 
090 |a TFG 1141 
100 |a Tejeiro Vidal, Ramón  |9 15668 
245 |a Control de velocidad para la turbina Banki 
260 |c 1980  |a [San José, Costa Rica] 
300 |a  37 hojas : ilustraciones ; 28 cm  
500 |a A la cabeza de la portada. Proyecto de graduación. IM-410. Universidad de Costa Rica. Facultad de Ingeniería. Escuela de Ingeniería Mecánica 
650 |x TURBINAS  |9 15669 
942 |c TFG 
999 |c 11389  |d 11389